| 000 | 00442nab a2200145Ia 4500 | ||
|---|---|---|---|
| 003 | ES-SlBCS | ||
| 005 | 20210601131734.0 | ||
| 008 | 140529s1952 xxu||||| |||| 00| 0 fre d | ||
| 041 | _afre | ||
| 100 | 1 |
_aRollet, Henri _939740 |
|
| 245 | 0 | 0 |
_aAux origines de la déchristianisation ouvrière _c Henri Rollet |
| 650 | 0 | 4 |
_aDescristianización Obrera _9188446 |
| 773 | 0 |
_tVie Intelectuelle (La) _gnº. 6, 1952, págs. 45-57 _wRev907 |
|
| 942 | _cAR | ||
| 999 |
_c567949 _d567949 |
||